000
00479nam a2200169Ia 4500
008
090711s9999 xx 000 0 und d
082
_b
14805
100
_a
रघुवीर
245
_a
प्रवासी जादुगार
260
_c
1961
300
_a
292
600
_a
रघुवीर
630
_a
प्रवासी जादुगार
700
_a
रघुवीर
730
_a
प्रवासी जादुगार
942
_c
BOOK
999
_c
291119
_d
291119